Loading...
| History - European | 0 | 3 | 0 | 0 | 30 | 60 | 84.67 | 0 | 0 | 12.03 | 23.75 |
| History - World | 0 | 3 | 2 | 1 | 20 | 62 | 87.33 | 0 | 1 | 10.23 | 11.55 |
| Science - Other | 0 | 2 | 0 | 0 | 20 | 76 | 84.50 | 0 | 0 | 7.67 | 17.08 |
| Social Science | 0 | 1 | 0 | 1 | 10 | 78 | 78.00 | 0 | 0 | 4.02 | 4.69 |
| Pop Culture | 0 | 1 | 0 | 0 | 10 | 111 | 111.00 | 0 | 0 | 8.27 | 5.56 |
| Science - Physics | 0 | 1 | 0 | 0 | 10 | 99 | 99.00 | 0 | 0 | 2.76 | 4.17 |
| Fine Arts - Visual | 0 | 1 | 0 | 0 | 10 | 95 | 95.00 | 0 | 0 | 2.77 | 1.25 |
| History - Other | 0 | 1 | 1 | 1 | 5 | 120 | 120.00 | 0 | 0 | 0.40 | 2.50 |
| Religion | 0 | 0 | 1 | 0 | -5 | 0.00 | 0 | 0 | 0.00 | 0.00 | |
| Science - Chemistry | 0 | 0 | 1 | 0 | -5 | 0.00 | 0 | 0 | 0.00 | 0.00 | |
| Philosophy | 0 | 0 | 1 | 0 | -5 | 0.00 | 0 | 0 | 0.00 | 0.00 | |
| History - American | 0 | 0 | 2 | 0 | -10 | 0.00 | 0 | 0 | 0.00 | 0.00 |